000 00318nam a22001337a 4500
008 171025b xxu||||| |||| 00| 0 eng d
020 _a9780872186415
041 _aeng
080 _a336.2
100 _a55
101 _aTAK
245 _aTHE TOOLS& TECHNIQUES OF INCOME TAX PLANNING
_cLEIMBERG,S.R
942 _2udc
_cBK
999 _c35815
_d35815